000 00313nam a22001337a 4500
003 SGT
020 _a8190071513
082 _a200
_bA98R
100 _aRAMU, P.S.
245 _aAZAD HIND FAUJ (I.N.A.) & FREEDOM MOVEMENT
260 _bFREEDOM MOVEMENT MEMORIAL COMMITTEE
_c1998
300 _a368
942 _2ddc
_cBK
999 _c31825
_d31825